000 00867 a2200205 4500
020 _a1580536107
040 _aDLC
_bDLC
082 0 0 _a621.382/2
100 1 _aManolakis, Dimitris G.
245 1 0 _aStatistical and adaptive signal processing: spectral estimation, signal modeling, adaptive filtering, and array processing
_bspectral estimation, signal modeling, adaptive filtering, and array processing
_cDimitris G. Manolakis, Vinay K. Ingle, Stephen M. Kogon.
260 _aBoston :
_bArtech House,
_c2005.
300 _axviii, 796 p. :
_bill. ;
_c26 cm.
440 0 _aArtech House signal processing library
500 _aOriginally published: Boston : McGraw-Hill, c2000.
650 0 _aSignal processing
_xStatistical methods.
650 0 _aAdaptive signal processing.
700 1 _aIngle, Vinay K.
700 1 _aKogon, Stephen M.
942 _cBK
_k621.3822 MAN
_2ddc
999 _c4697
_d4697